| 000 | 00445nam a2200181Ia 4500 | ||
|---|---|---|---|
| 001 | 4993 | ||
| 005 | 20260306145835.0 | ||
| 008 | 260306t2006||||xx |||||||||||||| ||spa|| | ||
| 041 | _aESP | ||
| 082 |
_a332.6 _bB72 |
||
| 100 |
_aBolsa de Valores de Lima _eAUT |
||
| 245 | 0 |
_aVademécum bursátil 2006: _b2006 stock catalog |
|
| 260 | _c2006 | ||
| 300 |
_a564 páginas : _c27 cm. |
||
| 650 | _aGEN | ||
| 654 | _aCAN | ||
| 942 |
_cLIB _dJUS _fJUS _2ddc _n |
||
| 999 |
_c4993 _d4993 |
||